000 00738cam a2200229 a 4500
001 11794468
005 20171228071533.0
008 990924s2000 mdu 001 0 eng
010 _a 99049529
020 _a0735511918
040 _aDLC
_cDLC
_dDLC
041 _aeng
043 _an-us---
080 _a346.7303 GLA
082 0 0 _a346.7303 GLA
_221
100 1 _a14
101 _aJUR
245 1 4 _aThe law of torts :
_cJoseph W. Glannon.
906 _a7
_bcbc
_corignew
_d1
_eocip
_f19
_gy-gencatlg
942 _2ddc
_cBK
999 _c39575
_d39575